Geografia fizyczna Azji - Statystyki

Ogólne statystyki
  • Ten quiz został rozwiązany 620 razy
    618 od ostatniego zresetowania
  • Średni wynik to 7 z 14
Statystyki odpowiedzi
Pytanie: Odpowiedź: % Poprawnych
Najwyższy szczyt: Mount Everest
92%
Najgłębsze jezioro: Bajkał
85%
Najdłuższe pasmo górskie: Himalaje
76%
Najdłuższa rzeka: Jangcy
72%
Największy półwysep: Półwysep Arabski
67%
Największe jezioro: Morze Kaspijskie
66%
Największa pustynia: Gobi
56%
Morze z największym zasoleniem w Azji i na świecie: Morze Martwe
55%
Największa wyspa (powierzchnia): Borneo
52%
Charakterystyczna strefa krajobrazowa północnej Rosji: Tundra
44%
Morze oddzielające Azję od Ameryki Północnej: Morze Beringa
31%
Największe morze: Morze Arabskie
20%
Najdalej wysunięta na północ wyspa Azji: Wyspa Północna
3%
Najniższy punkt: Depresja Morza Kaspijskiego
2%
Nie znaleziono quizów pasujących do podanych kryteriów
Rozkład punktacji
Procent ludzi z każdym wynikiem
Percentyl według liczby udzielonych odpowiedzi
Twoja historia wyników
Nie rozwiązałeś tego quizu od ostatniego zresetowania